=LDR 00000nam 2200000 4500 =001 INLIS00000000000036 =005 20260702043538 =020 ##$$a 9786238838448 =082 ##$$a 899.221 =100 1#$$a Anothermissjo =245 1 $$a Hello Ex Husband /$c Anothermissjo =300 ##$$a 260 ; 14 x 20,5